000
00251nam a22001097a 4500
082
_a
358.17 SOV'L
100
_a
LEL, ASHER
_9
60308
245
_a
THE SOVIET AIR ABD ROCKETS FORCES
260
_a
LONDON
_b
WEIDENFELD
_c
1959
300
_a
311P
942
_c
BK
999
_c
570067
_d
570067